000 00683nam a2200229Ia 4500
003 OSt
005 20260113093258.0
008 210716s2000 xx 000 0 und d
020 _a8177220470
040 _cAIMIT LIBRARY
041 _aeng
082 _a621.399
_21
_bPOLR
100 _aPolevoi, Rab.
_9250989
245 _a3d studio max r3:
_bin depth /
_cBy Rob Polevoi.
250 _a1st ed.
260 _aNew Delhi :
_bIDG Books India (P) Ltd ,
_c2000.
300 _axx,692 p.;
_bPB
_c25 cm.
650 _aSelection and transform tools
_9250990
650 _aManaging the display
_9250991
650 _aUsing primitives and splines
_9250992
942 _2ddc
_cBK
_k621.399 POLR
999 _c184147
_d184147